Сборник трудов молодых ученых и студентов XV международной научно-практической конференции "Россия и мир: развитие цивилизаций. Уроки Великой Победы и новое мироустройство", (2–3 апреля 2025 года). Ч. 2 (Запись № 13693733)
[ простой вид ]
| 000 -МАРКЕР | |
|---|---|
| контрольное поле | 02215nam2a2200265 4500 |
| 001 - ИДЕНТИФИКАТОР ЗАПИСИ | |
| контрольное поле | RU\NLR\BIBL_A\022786603 |
| 005 - ИДЕНТИФИКАТОР ВЕРСИИ | |
| контрольное поле | 20260527144848.0 |
| 010 ## - МЕЖДУНАРОДНЫЙ СТАНДАРТНЫЙ НОМЕР КНИГИ (ISBN) | |
| Номер (ISBN) | 978-5-6054018-8-9 |
| Уточнения | ч. 2 |
| 021 ## - НОМЕР ГОСУДАРСТВЕННОЙ РЕГИСТРАЦИИ | |
| Код страны | Российская Федерация |
| Номер | КН-П-26-011356 |
| Номер Листа государственной регистраци | КН-П-26-1079:27.02.2026 |
| 035 ## - ДРУГИЕ СИСТЕМНЫЕ НОМЕРА | |
| Идентификатор записи | (NLR Aleph) 022786603 |
| 100 ## - ДАННЫЕ ОБЩЕЙ ОБРАБОТКИ | |
| Данные общей обработки | 20260416d2025 k y0rusy50 ca |
| 101 0# - ЯЗЫК РЕСУРСА | |
| Язык текста, звукозаписи и т.д. | русский |
| Язык резюме | английский |
| 102 ## - СТРАНА ПУБЛИКАЦИИ ИЛИ ПРОИЗВОДСТВА | |
| Страна публикации | Российская Федерация |
| 105 ## - ПОЛЕ КОДИРОВАННЫХ ДАННЫХ: ТЕКСТОВЫЕ МАТЕРИАЛЫ, МОНОГРАФИЧЕСКИЕ | |
| Кодированные данные о монографическом текстовом документе | a z 110yy |
| 200 0# - ЗАГЛАВИЕ И СВЕДЕНИЯ ОБ ОТВЕТСТВЕННОСТИ | |
| Основное заглавие | Ч. 2 |
| 210 ## - ПУБЛИКАЦИЯ, РАСПРОСТРАНЕНИЕ И ДР. | |
| Дата издания, распространения и т.д. | 2025 |
| 215 ## - ФИЗИЧЕСКАЯ ХАРАКТЕРИСТИКА | |
| Специфическое обозначение материала и объем | 331 с. |
| Другие сведения о физической характеристике | ил., табл. |
| 461 #0 - УРОВЕНЬ НАБОРА | |
| Встроенное поле | 001RU\NLR\BIBL_A\022785970 |
| -- | 2001#$aСборник трудов молодых ученых и студентов XV международной научно-практической конференции "Россия и мир: развитие цивилизаций. Уроки Великой Победы и новое мироустройство", (2–3 апреля 2025 года)$vЧ. 2 |
| Системный номер (АБИС) связанной записи | 13703545 |
| Автор | "Россия и мир: развитие цивилизаций. Уроки Великой Победы и новое мироустройство", международная научно-практическая конференция (15 ; 2025 ; Москва) |
| Место публикации | Москва |
| Дата публикации | 2025 |
| Первые сведения об ответственности | Университет Мировых Цивилизаций имени В. В. Жириновского |
| Параллельное заглавие | Collection of works of young scientists and students XV international scientific and practical conference "Russia and the world: the development of civilizations. The lessons of the great victory and the new world order" |
| Имя издателя, распространителя и т.д. | УМЦ |
| Сведения, относящиеся к заглавию | материалы конференции : в двух частях |
| Заглавие | Сборник трудов молодых ученых и студентов XV международной научно-практической конференции "Россия и мир: развитие цивилизаций. Уроки Великой Победы и новое мироустройство", (2–3 апреля 2025 года) |
| ISBN | 978-5-6054018-6-5 |
| Номер тома | Ч. 2 |
| 606 1# - НАИМЕНОВАНИЕ ТЕМЫ КАК ПРЕДМЕТ | |
| Наименование темы | Право |
| Формальный подзаголовок | Съезды, совещания и т.п |
| Системный номер авторитетной/нормативной записи | 894779 |
| Идентификатор авторитетной/нормативной записи | RU\NLR\AUTH\664055 |
| 686 1# - ИНДЕКСЫ ДРУГИХ КЛАССИФИКАЦИЙ | |
| Индекс | Х.я431 |
| 942 ## - ДОПОЛНИТЕЛЬНЫЕ ЭЛЕМЕНТЫ ЗАПИСИ (АБИС) | |
| Тип экземпляра АБИС | Книга |
| 980 ## - КОЛЛЕКЦИЯ | |
| Название коллекции | Национальная библиография |
Нет доступных экземпляров.